书目信息 |
| 题名: |
普通微生物遗传学
|
|
| 作者: | 丁友栦 , 陈宁 编 | |
| 分册: | ||
| 出版信息: | 天津 南开大学出版社 1990.6 |
|
| 页数: | 416页 | |
| 开本: | 20cm | |
| 丛书名: | ||
| 单 册: | ||
| 中图分类: | Q933 | |
| 科图分类: | ||
| 主题词: | 微生物遗传学 | |
| 电子资源: | ||
| ISBN: | 7-310-00313-6 | |
| 000 | 00720cam0 2200253 450 | |
| 001 | 0100326503 | |
| 005 | 20120919083749.0 | |
| 010 | @a7-310-00313-6@dCNY6.95 | |
| 011 | @a7-310-00313-6 | |
| 100 | @a20021005d1990 em y0chiy0110 ea | |
| 101 | 0 | @achi |
| 102 | @aCN@b120000 | |
| 105 | @ay z 000yy | |
| 106 | @ar | |
| 200 | 1 | @a普通微生物遗传学@9Pu Tong Wei Sheng Wu Yi;Wei Chuan;Zhuan Xue @f丁友栦,陈宁编@b专著 |
| 210 | @a天津@c南开大学出版社@d1990.6 | |
| 215 | @a416页@d20cm | |
| 300 | @a1992年重印价格:CNY6.95 | |
| 606 | 0 | @a微生物遗传学 |
| 690 | @aQ933@v3 | |
| 701 | 0 | @a丁友栦@9ding you fang@4编 |
| 701 | 0 | @a陈宁@9chen ning@4编 |
| 801 | 0 | @aCN@bAiZhiMarc@c19910514 |
| 905 | @aBZT@dQ93@e96@f2@sQ93/96 | |
| 普通微生物遗传学/丁友栦,陈宁编.-天津:南开大学出版社,1990.6 |
| 416页;20cm |
| 1992年重印价格:CNY6.95 |
| ISBN 7-310-00313-6:CNY6.95 |
| ● |
| 相关链接 |
|
|
|
正题名:普通微生物遗传学
索取号:Q93/96
 
预约/预借
| 序号 | 登录号 | 条形码 | 馆藏地/架位号 | 状态 | 备注 |
| 1 | 2000101855 | 2000101855 | 旧书回溯/ [索取号:Q93/96] | 在馆 | |
| 2 | 2000150824 | 2000150824 | 旧书回溯/ [索取号:Q93/96] | 在馆 |